Statistics for United States Marine Corps Ranks

Click here to take the quiz!

General Stats

  • This quiz has been taken 145 times
    (83 since last reset)
  • The average score is 17 of 27

Answer Stats

HintAnswer% Correct
E-1Private
95%
E-2Private First Class
95%
E-5Sergeant
95%
E-4Corporal
89%
E-3Lance Corporal
84%
E-6Staff Sergeant
84%
E-7Gunnery Sergeant
78%
E-8aMaster Sergeant
75%
O-10General
71%
E-9bSergeant Major
67%
O-3Captain
65%
O-6Colonel
64%
O-4Major
64%
O-2First Lieutenant
60%
E-8bFirst Sergeant
60%
O-8Major General
60%
O-1Second Lieutenant
60%
O-7Brigadier General
55%
O-5Lieutenant Colonel
53%
E-9aMaster Gunnery Sergeant
53%
O-9Lieutenant General
51%
W-1Warrant Officer
49%
E-9c [SEA]Sergeant Major of the Marine Corps
47%
W-2Chief Warrant Officer 2
42%
W-3Chief Warrant Officer 3
42%
W-4Chief Warrant Officer 4
40%
W-5Chief Warrant Officer 5
35%

Score Distribution

Percentile by Number Answered

Percent of People with Each Score

Your Score History

You have not taken this quiz since the last reset